000 00564nam a2200217Ia 4500
008 191130s2002##################000#0#eng##
020 _a9781580420679
022 _a2002105879
040 _aACL
_cACL
082 _a795.412 ALL
100 _aAllen, J. Edward
245 _aBasics of winning video Poker
_cJ. Edward Allen
250 _a4th ed
260 _aBrooklyn, NY
_bCardoza Publishing
_c2002
300 _a64 p.
650 _aGambling
650 _aVideo poker
990 _a03f1ee5bac10000c3db7aef3880d4615
991 _a390030
999 _c112313
_d112313